Ägyptische Biographien der 22. und 23. Dynastie /

Saved in:

Other Authors: Jansen-Winkeln, Karl.

Format: Book

Language: German

Published: Wiesbaden : Harrassowitz, 1985.

Series: Agypten und Altes Testament ; 8.
AAT ; 8.

Subjects:

Tags: Add Tag

No Tags, Be the first to tag this record!

Call Number: DT57 .A95 v.8/1-2

LEADER 01145namaa2200313 4500
003 OSt
005 20260331094135.0
008 130303s1985 gw af b 001 0cger d
020 |a 3447025255 
040 |a ARCE Library 
050 4 |a DT57 .A95 v.8/1-2 
245 0 0 |a Ägyptische Biographien der 22. und 23. Dynastie /  |c [bearbeitet] von Karl Jansen-Winkeln. 
264 1 |a Wiesbaden :   |b Harrassowitz,   |c 1985. 
300 |a 3 v. in 2 (xxiv, 618 pages, 60 leaves of plates) :   |b illustrations ;  |c 30 cm. 
490 1 |a Agypten und Altes Testament ;   |v 8. 
490 1 |a AAT ;   |v 8. 
500 |a Text in Egyptian (Hieroglyphic), with German translation; introd. and notes in German. 
500 |a Includes indexes. 
504 |a Bibliography : p. xi-xxviii. 
505 0 |a 1. Teil 1. Übersetzung und Kommentar -- 2. Teil 2. Phraseologie. Teil 3. Texte. 
650 0 |a Inscriptions, Egyptian. 
650 0 |a Egyptian language  |x Texts. 
650 0 |a Egyptian language   |x Phraseology. 
700 1 |a Jansen-Winkeln, Karl. 
830 0 |a Agypten und Altes Testament ;   |v 8. 
830 0 |a AAT ;   |v 8. 
901 |a reviewed 
942 |c BK  |2 lcc 
999 |c 1559  |d 1559